Operations management : (Record no. 1004)
[ view plain ]
| 000 -LEADER | |
|---|---|
| fixed length control field | 01364cam a22002414a 4500 |
| 020 ## - INTERNATIONAL STANDARD BOOK NUMBER | |
| ISBN | 0073137065 |
| 020 ## - INTERNATIONAL STANDARD BOOK NUMBER | |
| ISBN | 007313709X |
| 020 ## - INTERNATIONAL STANDARD BOOK NUMBER | |
| ISBN | 0073230588 |
| 020 ## - INTERNATIONAL STANDARD BOOK NUMBER | |
| ISBN | 9780073137063 |
| 020 ## - INTERNATIONAL STANDARD BOOK NUMBER | |
| ISBN | 9780073137094 |
| 020 ## - INTERNATIONAL STANDARD BOOK NUMBER | |
| ISBN | 9780073230580 |
| 050 00 - CALL NUMBER | |
| Classification number | TS155 |
| Item number | .S334 |
| 100 1# - AUTHOR | |
| Personal name | Schroeder, Roger G. |
| 245 10 - TITLE | |
| Title | Operations management : |
| Remainder of title | contemporary concepts and cases / |
| Statement of responsibility, etc | Roger G. Schroeder. |
| 250 ## - EDITION | |
| Edition statement | 3rd ed. |
| 260 ## - PUBLICATION INFORMATION | |
| Place of publication | Boston : |
| Name of publisher | McGraw-Hill/Irwin, |
| Year of publication | c2007. |
| 300 ## - DESCRIPTION | |
| Number of Pages | xxi, 538 p. : |
| Other physical details | ill. ; |
| Dimensions | 26 cm. |
| Accompanying material | 1 CD-ROM (4 3/4 in.). |
| 440 #4 - SERIES | |
| SERIES | The McGraw-Hill/Irwin series operations and decision sciences |
| 500 ## - NOTES | |
| General note | includes index |
| 505 ## - FORMATTED CONTENTS NOTE | |
| Table of Content | Part I: Introduction 1. The Operations Function 2. Operations and Supply Chain Strategy 3. Product Design Part II: Process Design 4. Process Selection 5. Service Process Design 6. Choice of Technology 7. Process-Flow Analysis Part III: Quality 8. Managing Quality 9. Quality Control and Improvement Part IV: Capacity and Scheduling 10. Supply Chain Management 11. Forecasting 12. Facilities and Aggregate Planning 13. Scheduling Operations 14. Project Planning and Scheduling Part V: Inventory 15. Independent- Demand Inventory 16. Materials Requirement Planning 17. Just-in-Time Systems and Lean thinking Part VI: Case Studies Appendixes Index |
| 650 #0 - SUBJECTS | |
| Topical Term | Production management. |
| 942 ## - ADDED ENTRY ELEMENTS (KOHA) | |
| Koha item type | Books |
| Withdrawn status | Lost status | Collection code | Home library | Current library | Date acquired | Full call number | Accession Number | Koha item type | Shelving location |
|---|---|---|---|---|---|---|---|---|---|
| Non-fiction | Methodist University Library Main | Methodist University Library Main | 27/11/2017 | TS155 .S334 | 29772 | Books | |||
| Reference | Methodist University Library Main | Methodist University Library Main | 27/11/2017 | TS155 .S334 | 21935 | Books | |||
| Non-fiction | Methodist University Library Main | Methodist University Library Main | 27/11/2017 | TS155 .S334 | 31374 | Books | |||
| Non-fiction | Methodist University Library Main | Methodist University Library Main | 27/11/2017 | TS155 .S334 | 29771 | Books | |||
| Non-fiction | Methodist University Library Main | Methodist University Library Main | 27/11/2017 | TS155 .S334 | 31370 | Books | |||
| Reference | Methodist University Library Main | Methodist University Library Main | 27/11/2017 | TS155 .S334 | 29753 | Books | |||
| Methodist University Library Tema | Methodist University Library Tema | 10/05/2010 | TS155 .S334 | 31373 | Books | General Stacks | |||
| Methodist University Library Tema | Methodist University Library Tema | 05/05/2010 | TS155 .S334 | 29774 | Books | General Stacks | |||
| Methodist University Library Tema | Methodist University Library Tema | 05/05/2010 | TS155 .S334 | 29773 | Books | General Stacks | |||
| Methodist University Library Tema | Methodist University Library Tema | 05/05/2010 | TS155 .S334 | 31372 | Books | General Stacks | |||
| Methodist University Library Tema | Methodist University Library Tema | 05/05/2010 | TS155 .S334 | 31371 | Books | General Stacks | |||
| Non-fiction | Methodist University Library Wenchi Faculty | Methodist University Library Wenchi Faculty | 17/11/2017 | TS155 .S334 | 29770 | Books | |||
| Methodist University Library Wenchi Faculty | Methodist University Library Wenchi Faculty | 20/10/2021 | TS155 .S334 | 21927 | Books |